[Event "szachmaty2007"]
[Site "SchemingMind.com"]
[Date "2007.09.21"]
[Round "-"]
[White "nwhitelaw"]
[Black "keen"]
[Result "0-1"]
[WhiteCountry "GBR"]
[BlackCountry "SCO"]
[WhiteElo "1463"]
[WhiteRD "79"]
[BlackElo "1791"]
[BlackRD "67"]
[GameID "121638"]

1. d4 b5 2. e4 Bb7 3. Qf3 Nf6 4. Bd3 a6 5. Nh3 g6 6. c4 Bg7 7. cxb5 axb5 8. Bxb5 Bxe4 9. Qb3 Bxg2 10. Ng5 O-O
11. Rg1 Bd5 12. Qb4 c6 13. Bc4 h6 14. Nh3 Qc7 15. Bf4 d6 16. Nc3 Qd7 17. Bd3 Qxh3 18. Rg3 Qxh2 19. O-O-O Nh5 20. Ne2 Nxg3
21. Bxg3 Qh3 22. Nf4 Qd7 23. Kb1 Bxa2+ 24. Kc1 Qa7 25. d5 cxd5 26. Nxd5 Bxd5 27. Re1 Nc6 28. Qb5 Bf3 29. Kc2 Nd4+
0-1

[Event "szachmaty2007"]
[Site "SchemingMind.com"]
[Date "2007.09.21"]
[Round "-"]
[White "nwhitelaw"]
[Black "Dariusz1968"]
[Result "0-1"]
[WhiteCountry "GBR"]
[BlackCountry "POL"]
[WhiteElo "1435"]
[WhiteRD "83"]
[BlackElo "1448"]
[BlackRD "53"]
[GameID "121639"]

1. d4 b5 2. e4 Bb7 3. Qf3 a6 4. c4 bxc4 5. Bxc4 e6 6. Nh3 h6 7. O-O Nf6 8. Qb3 Bxe4 9. Nf4 Nc6 10. Bxe6 dxe6
11. Nxe6 fxe6 12. Qxe6+ Qe7 13. Qc4 Qf7 14. Qa4 Qg6 15. f3 Bd5 16. Nc3 Kd7 17. Bf4 Bd6 18. Nxd5 Nxd5 19. Bd2 Qh5 20. h3 Qh4
21. Be1 Qxd4+ 22. Qxd4 Rhg8 23. Bf2 Nxd4 24. Bxd4 Bg3 25. Rad1 Kd6 26. Bc3 Kc6 27. a4 Ne3 28. Ba5 Nxf1 29. Rc1+ Kb7 30. Kxf1 Rae8
31. b3 Re5 32. Bxc7 Rc8
0-1

[Event "szachmaty2007"]
[Site "SchemingMind.com"]
[Date "2007.09.21"]
[Round "-"]
[White "Oskyrain"]
[Black "nwhitelaw"]
[Result "1-0"]
[WhiteCountry "ARG"]
[BlackCountry "GBR"]
[WhiteElo "2147"]
[WhiteRD "84"]
[BlackElo "1463"]
[BlackRD "79"]
[GameID "121640"]

1. d4 b5 2. e4 e6 3. Bxb5 c6 4. Bd3 Qb6 5. Nf3 g6 6. O-O Bg7 7. e5 Na6 8. c3 Ne7 9. Nbd2 O-O 10. Nc4 Qc7
11. Nd6 c5 12. Qa4 cxd4 13. Nxc8 Qxc8 14. Bxa6 Qc5 15. b3 dxc3 16. Ba3 Qb6 17. Bxe7 Rfb8 18. Bd6 c2 19. Rac1 Rd8 20. Rxc2 f6
21. Bc7
1-0

[Event "szachmaty2007"]
[Site "SchemingMind.com"]
[Date "2007.09.21"]
[Round "-"]
[White "mrique"]
[Black "nwhitelaw"]
[Result "1-0"]
[WhiteCountry "USA"]
[BlackCountry "GBR"]
[WhiteElo "1492"]
[WhiteRD "72"]
[BlackElo "1466"]
[BlackRD "74"]
[GameID "121641"]

1. d4 b5 2. d5 d6 3. Nf3 Nf6 4. e3 Nxd5 5. Bxb5+ c6 6. Bc4 g6 7. Bxd5 cxd5 8. Qxd5 Qc7 9. Nc3 e6 10. Qxa8 Bb7
11. Qxa7 Nc6 12. Qa4 Bg7 13. O-O O-O 14. e4 Na5 15. Be3 Ra8 16. Qb4 Nc6 17. Qb3 Na5 18. Qb4 d5 19. Nb5 Qxc2 20. e5 Nc6
21. Qc3 Qe4 22. Nd6 Bxe5 23. Nxe5 Nxe5 24. Nxe4
1-0

[Event "szachmaty2007"]
[Site "SchemingMind.com"]
[Date "2007.09.22"]
[Round "-"]
[White "jdcald13"]
[Black "nwhitelaw"]
[Result "1-0"]
[WhiteCountry "USA"]
[BlackCountry "GBR"]
[WhiteElo "1914"]
[WhiteRD "55"]
[BlackElo "1463"]
[BlackRD "79"]
[GameID "121642"]

1. d4 b5 2. Nf3 d5 3. e3 Nf6 4. Bxb5+ c6 5. Bd3 Qc7 6. O-O Bg4 7. h3 Bxf3 8. Qxf3 c5 9. dxc5 Qxc5 10. b3 e6
11. Ba3 Qa5 12. Bxf8 Kxf8 13. c4 dxc4 14. Qxa8 Nd7 15. Bxc4 Qe5 16. Na3 g6 17. Rad1 Kg7 18. Qxa7 h5 19. Rxd7 Nxd7 20. Qxd7 Kh6
21. Qxf7 Rh7 22. Qf8+ Rg7 23. Qh8+ Rh7 24. Qxe5
1-0

[Event "szachmaty2007"]
[Site "SchemingMind.com"]
[Date "2007.09.21"]
[Round "-"]
[White "asanopiyo"]
[Black "nwhitelaw"]
[Result "1-0"]
[WhiteCountry "JPN"]
[BlackCountry "GBR"]
[WhiteElo "1696"]
[WhiteRD "96"]
[BlackElo "1463"]
[BlackRD "79"]
[GameID "121643"]

1. d4 b5 2. e4 Ba6 3. Nf3 e6 4. Nc3 c6 5. e5 b4 6. Ne4 d5 7. Ng3 Nh6 8. Bd3 c5 9. O-O Bxd3 10. Qxd3 c4
11. Qe2 Be7 12. a3 O-O 13. axb4 Bxb4 14. Bxh6 gxh6 15. Qe3 Kg7 16. h4 Nc6 17. h5 f6 18. exf6+ Qxf6 19. c3 Ba5 20. Ne5 Rad8
21. Nxc6 Rd6 22. Nxa5 Ra6 23. Nb7 Rxa1 24. Rxa1 a6 25. Rxa6 Rb8 26. Rxe6 Qg5 27. Re7+ Kf8 28. Rxh7 Qh4 29. Qxh6+
1-0

[Event "szachmaty2007"]
[Site "SchemingMind.com"]
[Date "2007.09.22"]
[Round "-"]
[White "keen"]
[Black "nwhitelaw"]
[Result "1-0"]
[WhiteCountry "SCO"]
[BlackCountry "GBR"]
[WhiteElo "1791"]
[WhiteRD "67"]
[BlackElo "1463"]
[BlackRD "79"]
[GameID "121644"]

1. d4 b5 2. e4 c6 3. Nf3 e6 4. Bd3 Qa5+ 5. Bd2 Bb4 6. c3 Be7 7. O-O d5 8. exd5 cxd5 9. Re1 Nf6 10. c4 b4
11. c5 O-O 12. a3 Bb7 13. Bxb4 Qc7 14. Nbd2 e5 15. Nxe5 Ne4 16. Nxe4 dxe4 17. Bxe4 Bxe4 18. Rxe4 Nc6 19. Nxc6 Qxc6 20. Rxe7 a5
21. Bc3 Qf6 22. Qe2 Qg5 23. Re1 h6 24. Bd2 Qf6 25. Qc4 Rab8 26. Bc3 g5 27. d5 Qf5 28. Qd4 f6 29. h4 g4 30. d6 Rbc8
31. Qe3 Qg6 32. Qe6+ Kh8 33. d7
1-0

[Event "szachmaty2007"]
[Site "SchemingMind.com"]
[Date "2007.09.22"]
[Round "-"]
[White "Dariusz1968"]
[Black "nwhitelaw"]
[Result "0-1"]
[WhiteCountry "POL"]
[BlackCountry "GBR"]
[WhiteElo "1332"]
[WhiteRD "53"]
[BlackElo "1466"]
[BlackRD "74"]
[GameID "121645"]

1. d4 b5 2. e4 c6 3. Bd2 Nf6 4. Qf3 e6 5. Bg5 Na6 6. e5 Nb4 7. Bd3 Qa5 8. Nc3 Nxd3+ 9. cxd3 b4 10. Nge2 bxc3
11. Nxc3 Bb4 12. O-O Bxc3 13. exf6 Bxd4 14. fxg7 Bxg7 15. Bf6 Bxf6 16. Qxf6 O-O 17. h4 h5 18. Rae1 d6 19. Re3 Qf5 20. Rg3+ Qg4
21. Rxg4+ hxg4 22. Qg5+ Kh7 23. Qxg4 e5 24. Qh5+ Kg7 25. Qg5+ Kh7 26. f4 Bh3 27. Qh5+ Kg7 28. gxh3 Rh8 29. Qg5+ Kf8 30. fxe5 Rg8
31. exd6 Rd8 32. Rf6 Rxg5+ 33. hxg5 Kg7 34. h4 Rh8 35. Rh6 Re8 36. d7 Rd8 37. Rd6 f6 38. gxf6+ Kf7
0-1

[Event "szachmaty2007"]
[Site "SchemingMind.com"]
[Date "2007.09.21"]
[Round "-"]
[White "cnbcad"]
[Black "Oskyrain"]
[Result "0-1"]
[WhiteCountry "USA"]
[BlackCountry "ARG"]
[WhiteElo "1541"]
[WhiteRD "52"]
[BlackElo "2133"]
[BlackRD "84"]
[GameID "121660"]

1. d4 b5 2. e4 a6 3. e5 Bb7 4. Nf3 e6 5. Nbd2 d6 6. c3 Nd7 7. b4 dxe5 8. dxe5 c5 9. bxc5 Nxc5 10. Be2 Nd3+
11. Bxd3 Qxd3 12. Bb2 Ne7 13. Nb3 Qe4+ 14. Qe2 Qg4 15. O-O Ng6 16. Nbd4 Nf4
0-1

[Event "szachmaty2007"]
[Site "SchemingMind.com"]
[Date "2007.09.21"]
[Round "-"]
[White "cnbcad"]
[Black "mrique"]
[Result "0-1"]
[WhiteCountry "USA"]
[BlackCountry "USA"]
[WhiteElo "1506"]
[WhiteRD "56"]
[BlackElo "1560"]
[BlackRD "71"]
[GameID "121661"]

1. d4 b5 2. e4 a6 3. e5 d6 4. Nf3 Bb7 5. Be3 e6 6. Bg5 Qd7 7. Be2 Ne7 8. c3 g6 9. Bf6 Rg8 10. exd6 cxd6
11. O-O Nd5 12. Re1 Nxf6 13. d5 Bxd5 14. b3 Nc6 15. c4 bxc4 16. bxc4 Be4 17. c5 Qc7 18. cxd6 Bxd6 19. g3 Nd5 20. Qa4 Kf8
21. Nbd2 Bf5
0-1

[Event "szachmaty2007"]
[Site "SchemingMind.com"]
[Date "2007.09.22"]
[Round "-"]
[White "cnbcad"]
[Black "jdcald13"]
[Result "0-1"]
[WhiteCountry "USA"]
[BlackCountry "USA"]
[WhiteElo "1541"]
[WhiteRD "52"]
[BlackElo "1907"]
[BlackRD "49"]
[GameID "121662"]

1. d4 b5 2. e4 Bb7 3. d5 a6 4. Nf3 e6 5. c4 exd5 6. cxd5 Bc5 7. Be3 Bxe3 8. fxe3 Nf6 9. Bd3 O-O 10. O-O Re8
11. Qc2 d6 12. Nbd2 c5 13. dxc6 Nxc6 14. Ng5 h6 15. e5 Nxe5 16. Bh7+ Kh8 17. Bd3 hxg5 18. Ne4 Nxd3 19. Nxf6 gxf6 20. Qxd3 Re6
21. Rf3 Bxf3 22. gxf3 Qb6 23. Kh1 Qxe3
0-1

[Event "szachmaty2007"]
[Site "SchemingMind.com"]
[Date "2007.09.21"]
[Round "-"]
[White "cnbcad"]
[Black "asanopiyo"]
[Result "0-1"]
[WhiteCountry "USA"]
[BlackCountry "JPN"]
[WhiteElo "1541"]
[WhiteRD "52"]
[BlackElo "1710"]
[BlackRD "90"]
[GameID "121663"]

1. d4 b5 2. e4 a6 3. a4 bxa4 4. Rxa4 Bb7 5. Nc3 e6 6. Bd3 Nf6 7. Nf3 h6 8. e5 Nd5 9. Nxd5 Bxd5 10. c4 Bc6
11. Ra1 f6 12. Bg6+ Ke7 13. b3 f5 14. d5 exd5 15. cxd5 Bb5 16. d6+ Ke6 17. b4 Bc4 18. Nd4+ Kxe5 19. Bb2 Kxd6 20. Nxf5+ Kc6
21. Qf3+ d5 22. Nxg7 Bxg7 23. Bxg7 Qe7+ 24. Kd2 Qxg7 25. Bf7 Nd7 26. Rhc1 Qd4+ 27. Ke1 Ne5 28. Qf6+ Kb5 29. Bg6 Rhf8 30. Qe7 Qxf2+
0-1

[Event "szachmaty2007"]
[Site "SchemingMind.com"]
[Date "2007.09.21"]
[Round "-"]
[White "cnbcad"]
[Black "keen"]
[Result "0-1"]
[WhiteCountry "USA"]
[BlackCountry "SCO"]
[WhiteElo "1506"]
[WhiteRD "56"]
[BlackElo "1783"]
[BlackRD "64"]
[GameID "121664"]

1. d4 b5 2. e4 Bb7 3. Nc3 b4 4. Nd5 e6 5. Ne3 Bxe4 6. Bd3 Bb7 7. c3 bxc3 8. bxc3 Nf6 9. Nf3 Be7 10. O-O O-O
11. Bc2 d6 12. d5 Nxd5 13. Nxd5 Bxd5 14. Qd3 g6 15. Bh6 Re8 16. c4 Bxf3 17. Qxf3 Nd7 18. Be4 Rb8 19. Rad1 Bg5 20. Bxg5 Qxg5
21. Bc6 Red8 22. Bxd7 Rxd7 23. Qc6 Re7 24. Qa4 Qc5 25. Rfe1 Rb4 26. Qa6 Rxc4 27. g3 Re8 28. Qb7 Rc2 29. Rf1 Qa5 30. Rb1 Qxa2
31. Ra1 Qb2 32. Rxa7 Qxb7 33. Rxb7 Ra8 34. h4 Raa2 35. Kg2 c5 36. Rd7 d5 37. Kf3 Kg7 38. Kg4 Rxf2 39. Re1 Rfe2 40. Rf1 Rf2
41. Re1 h5+
0-1

[Event "szachmaty2007"]
[Site "SchemingMind.com"]
[Date "2007.09.21"]
[Round "-"]
[White "cnbcad"]
[Black "nwhitelaw"]
[Result "1-0"]
[WhiteCountry "USA"]
[BlackCountry "GBR"]
[WhiteElo "1541"]
[WhiteRD "52"]
[BlackElo "1466"]
[BlackRD "74"]
[GameID "121665"]

1. d4 b5 2. e4 Ba6 3. Nc3 e6 4. Nf3 b4 5. Bxa6 Nxa6 6. Ne2 c5 7. Qd3 Qa5 8. Bd2 d5 9. a3 c4 10. Qe3 Nf6
11. O-O Ng4 12. Qf4 h5 13. axb4 Qb5 14. Ra5 Qb6 15. Ne5 Bd6 16. Qxf7+ Kd8 17. Qd7#
1-0

[Event "szachmaty2007"]
[Site "SchemingMind.com"]
[Date "2007.09.21"]
[Round "-"]
[White "Oskyrain"]
[Black "cnbcad"]
[Result "1-0"]
[WhiteCountry "ARG"]
[BlackCountry "USA"]
[WhiteElo "2133"]
[WhiteRD "84"]
[BlackElo "1541"]
[BlackRD "52"]
[GameID "121667"]

1. d4 b5 2. e4 a6 3. c4 e6 4. cxb5 axb5 5. Bxb5 c6 6. Bd3 c5 7. Nf3 cxd4 8. Nxd4 Nf6 9. O-O Bc5 10. Nb3 Bd6
11. f4 Qb6+ 12. Kh1 Bc7 13. e5 Nd5 14. Nc3 Ne3 15. Bxe3 Qc6 16. Be4 d5 17. exd6 Qxd6 18. Nb5 Qxd1 19. Nxc7+
1-0

[Event "szachmaty2007"]
[Site "SchemingMind.com"]
[Date "2007.09.21"]
[Round "-"]
[White "mrique"]
[Black "cnbcad"]
[Result "1-0"]
[WhiteCountry "USA"]
[BlackCountry "USA"]
[WhiteElo "1560"]
[WhiteRD "71"]
[BlackElo "1506"]
[BlackRD "56"]
[GameID "121668"]

1. d4 b5 2. Nf3 d5 3. e3 c6 4. Bd3 e6 5. O-O Nf6 6. Nbd2 a5 7. Re1 Qc7 8. e4 Ng4 9. exd5 cxd5 10. Ne5 Nxh2
11. Kxh2 f6 12. f4 fxe5 13. fxe5 Ba6 14. Nf3 Nc6 15. c3 O-O-O 16. Rh1 Qf7 17. Qe2 Na7 18. Ng5 Qe7 19. Bd2 h6 20. Nf3 Qf7
21. b3
1-0

[Event "szachmaty2007"]
[Site "SchemingMind.com"]
[Date "2007.09.22"]
[Round "-"]
[White "jdcald13"]
[Black "cnbcad"]
[Result "1-0"]
[WhiteCountry "USA"]
[BlackCountry "USA"]
[WhiteElo "1907"]
[WhiteRD "49"]
[BlackElo "1541"]
[BlackRD "52"]
[GameID "121669"]

1. d4 b5 2. e4 a6 3. Nf3 Bb7 4. Bd3 d5 5. e5 e6 6. O-O Nc6 7. Be3 f6 8. c3 fxe5 9. Nxe5 Nxe5 10. dxe5 Nh6
11. Bxh6 gxh6 12. Qh5+ Kd7 13. Nd2 Qg5 14. Qf7+ Be7 15. Nf3 Qg8 16. Qh5 Rf8 17. Nd4 Qg5 18. Qh3 Qxe5 19. Rae1 Qg5 20. Nxe6 Qf6
21. Nxf8+ Ke8 22. Nxh7 Qg7 23. Re2 d4 24. Rfe1 Rg8 25. Rxe7+ Qxe7 26. Nf6+ Kf7 27. Rxe7+
1-0

[Event "szachmaty2007"]
[Site "SchemingMind.com"]
[Date "2007.09.21"]
[Round "-"]
[White "asanopiyo"]
[Black "cnbcad"]
[Result "1-0"]
[WhiteCountry "JPN"]
[BlackCountry "USA"]
[WhiteElo "1710"]
[WhiteRD "90"]
[BlackElo "1541"]
[BlackRD "52"]
[GameID "121670"]

1. d4 b5 2. e4 a6 3. f4 Nf6 4. e5 Ne4 5. Qf3 d5 6. exd6 Bb7 7. dxc7 Qxc7 8. c3 Nd2 9. Qf2 Ne4 10. Qc2 Qd6
11. Nf3 Nd7 12. Nbd2 Nxd2 13. Bxd2 Qe6+ 14. Be2 Bxf3 15. gxf3 Nb6 16. f5 Qf6 17. h4 e6 18. Bd3 Bd6 19. Bg5 Bg3+ 20. Kf1 Nd5
21. Qb3
1-0

[Event "szachmaty2007"]
[Site "SchemingMind.com"]
[Date "2007.09.22"]
[Round "-"]
[White "keen"]
[Black "cnbcad"]
[Result "1-0"]
[WhiteCountry "SCO"]
[BlackCountry "USA"]
[WhiteElo "1783"]
[WhiteRD "64"]
[BlackElo "1506"]
[BlackRD "56"]
[GameID "121671"]

1. d4 b5 2. e4 a6 3. Nf3 e6 4. g3 Bb7 5. Qd3 Bb4+ 6. c3 Ba5 7. Bg2 d6 8. O-O Nd7 9. Nbd2 Ngf6 10. Nb3 Bb6
11. Re1 Bxe4 12. Rxe4 Nxe4 13. Qxe4 O-O 14. Ng5 Nf6 15. Qc2 Rb8 16. Be3 a5 17. Re1 d5 18. Nd2 c5 19. dxc5 Ba7 20. Bd4 g6
21. Qd3 Nd7 22. h4 Nxc5 23. Qe3 Rc8 24. b4 Ne4 25. Bxa7 Rxc3 26. Qd4 axb4 27. Ngxe4 dxe4 28. Nxe4 Rc4 29. Nf6+ Kh8 30. Qe5 Qc7
31. Qxc7 Rxc7 32. Bd4 Rd8 33. Nd5+
1-0

[Event "szachmaty2007"]
[Site "SchemingMind.com"]
[Date "2007.09.21"]
[Round "-"]
[White "nwhitelaw"]
[Black "cnbcad"]
[Result "1-0"]
[WhiteCountry "GBR"]
[BlackCountry "USA"]
[WhiteElo "1466"]
[WhiteRD "74"]
[BlackElo "1541"]
[BlackRD "52"]
[GameID "121672"]

1. d4 b5 2. e4 a6 3. Qf3 Bb7 4. c4 Nf6 5. cxb5 Bxe4 6. Qb3 axb5 7. Nc3 Nc6 8. Nxb5 Nxd4 9. Nxd4 c5 10. Bc4 d5
11. Bb5+ Nd7 12. f3 cxd4 13. fxe4 Qa5+ 14. Bd2 Qc7 15. Qxd5 Rd8 16. Rc1 e6 17. Qxd4 Qb7 18. Ba5 Qxb5 19. Bxd8 Bb4+ 20. Kd1 O-O
21. a4 Qf1+ 22. Kc2 Qxg2+ 23. Kb1 Rxd8 24. Qxb4 Rb8 25. Qxb8+
1-0